000 00381 a2200169 4500
001 156802
020 _a9788565381031
040 _cEscola São Tomás de Aquino
100 _aTORRÈS, Dominique
240 1 0 _aVocê é livre!
_lpor
245 1 0 _aVocê é livre!
300 _a110 p.
362 0 _a2016
440 1 _aAutêntica
697 _a*LITERATURA JUVENIL
942 _cBK
999 _c156802
_d156802